|
|
|
|
| LEADER |
00000nab a2200000 a 4500 |
| 001 |
vtls010581689 |
| 003 |
SK-MaSNL |
| 005 |
20260303091025.0 |
| 008 |
140310c2014 xo wrzp 0 0slo |
| 038 |
|
|
|a RVGKPD
|
| 040 |
|
|
|a RVGKPD
|b slo
|c RVGKPD
|e AACR2
|
| 041 |
0 |
|
|a slo
|
| 044 |
|
|
|a xo
|c SK
|
| 080 |
|
|
|a 728.4-057.875
|2 1997
|
| 100 |
1 |
|
|a Kottra, Tomáš
|4 aut
|9 1092681
|
| 245 |
1 |
0 |
|a Divočina
|b sexuálne orgie, alkoholické úlety, špina
|c Tomáš Kottra
|
| 246 |
3 |
|
|a Z kultúry na vysokoškolských internátoch vám bude zle [elektronický zdroj]
|
| 300 |
|
|
|b Fotogr.
|
| 650 |
0 |
7 |
|a vysokoškolské internáty
|2 rvgkpd
|9 82258
|
| 651 |
|
7 |
|a Mlynská dolina (Karlova Ves, Bratislava IV, Slovensko)
|2 rvgkpd
|9 87513
|
| 773 |
0 |
|
|t Plus 7 dní
|g Roč. XXIV, č. 10 (2014), s. 34-37
|x 1210-4040
|
| 852 |
|
|
|a RVGKPD
|b KIS3G
|
| 856 |
4 |
1 |
|u http://www.pluska.sk/plus-7-dni/domov/z-kultury-vysokoskolskych-internatoch-vam-bude-zle-toto-je-buduca-inteligencia.html
|
| 992 |
|
|
|a RBX
|
| 999 |
|
|
|c 1805877
|d 1807807
|